| 000 | 03441nam a22003377a 4500 | ||
|---|---|---|---|
| 003 | BO-EaUP | ||
| 005 | 20241018094921.0 | ||
| 008 | 240724b |||||||| |||| 00| 0 eng d | ||
| 015 |
_a2008 _qD. L. |
||
| 020 | _a978-970-15-1385-9 | ||
| 040 |
_aBiblioteca de Ingenieria de Sistemas _bspa _cBiblioteca de Ingenieria de Sistemas _eRDA |
||
| 041 | _aspa | ||
| 043 | _an-mx | ||
| 082 |
_221 _a004 |
||
| 092 |
_a004 _SOF32 |
||
| 100 |
_aFerreyra Cortés Gonzalo _cIng. _eAutor _93609 |
||
| 245 |
_aOffice 2007 paso a paso / _cGonzalo Ferreyra Cortés |
||
| 250 | _aPrimera Edición | ||
| 260 |
_aMéxico : _bAlfaomega, _c01/08/2008 |
||
| 300 |
_a669 páginas ; _b Ilustraciones (blanco y negro), figuras, diagramas ; tapa blanda ; _c17x23 centímetros ; _frústico |
||
| 336 |
_2rdacontenido _atexto _btxt |
||
| 337 |
_2rdamedia _ano mediado _bn |
||
| 338 |
_avolumen _bnc |
||
| 505 | _a1. Introducción a Microsoft Office 2007.-- 2. Microsoft Word 2007.-- 3. Microsoft Excel 2007.-- 4. Microsoft PowerPoint 2007.-- 5. Microsoft Access 2007.-- 6. Microsoft Outlook 2007.-- 7. Microsoft Publisher 2007. | ||
| 520 | _aLa informática es una ciencia relativamente nueva, que ya es innata para las generaciones del nuevo siglo XXI, aprender a utilizar las aplicaciones que se instalan en la mayoría de las computadoras personales es comparable con aprender a leer y escribir, pues quien no sepa utilizar medianamente las computadoras y sus programas es, sin lugar a dudas, un analfabeta cibernético. Esta obra presenta de manera sencilla y didáctica todas las aplicaciones del paquete de programas de oficina Microsoft Office Professional 2007: Word, Excel, PowerPoint, Access, Outlook y Publisher, y lo lleva paso a paso a obtener resultados de inmediato. Un libro de consulta pero también de autoaprendizaje, tanto para los que inician, como para los usuarios que ya manejan versiones anteriores de Office, y que desean conocer la nueva tecnología de Office System 2007. Este libro es recomendado para cursos escolares de Word, Excel y PowerPoint. * Ejemplos reales desarrollados en cada una de las aplicaciones de Office 2007. * Al principio de cada capítulo se presentan los objetivos para que el lector identifique desde el comienzo el alcance del texto. * Contiene actividades que reafirman lo aprendido después de los temas importantes, y un cuestionario de repaso al final de cada capítulo. * Ha sido escrito con gran claridad, con una didáctica probada por caso 20 años en más de 40 publicaciones de informática y contiene cientos de ilustraciones. * Contiene el nombre de los comandos, cintas de opciones, cuadros de diálogo y ventanas resaltados en negritas, seguidos por su traducción entre paréntesis; de esta manera es útil tanto para las versiones en Español, como para las de Inglés. El CD-ROM contiene todos los ejemplos desarrollados a lo largo de los capítulos, ejercicios adicionales para cada una de las aplicaciones de Office, presentaciones en Power Point que reafirman los conocimientos en los temas álgidos, y prácticas guiadas que sirven de gran ayuda para los instructores y alumnos de cursos introductorios y avanzados de Office 2007. | ||
| 521 | _aEsta destinado a docentes y estudiantes de carreras de ingeniería, ciencias tecnológicas. | ||
| 650 |
_aSISTEMAS ADMINISTRATIVOS _93610 |
||
| 653 | _aPROGRAMAS DE OFICINA | ||
| 653 | _aAPLICACIONES DE PAQUETE | ||
| 942 |
_2ddc _cBK _e21 _n0 |
||
| 999 |
_c4361 _d4361 |
||